Statistics for FIFA 17 Top 10 English Left Wingers

Click here to take the quiz!

General Stats

  • This quiz has been taken 32 times
  • The average score is 3 of 10

Answer Stats

RankPlayerOVA% Correct
1Raheem Sterling82
96%
2Ashley Young79
31%
3Jay Rodriguez77
27%
5Marc Albrighton76
27%
7Scott Sinclair75
19%
4Wayne Routledge76
19%
6Stewart Downing75
15%
9Marc Pugh72
12%
8Matt Jarvis73
12%
10Ben Marshall72
4%

Score Distribution

Percentile by Number Answered

Percent of People with Each Score

Your Score History

You have not taken this quiz